Sports Quiz

Random Sports or MLB Quiz

MLB 10K Plate Appearances for One Franchise Quiz Stats

 Plays Quiz Updated Oct 2, 2017

Challenge
Share
Tweet
Embed
Score 0/24 Timer 07:00
3 Plays Today
PAs Player, Years on Team % Correct
12883Cal Ripken, 1981-2001
93.8%
12602Derek Jeter, 1995-2014
90.2%
13090Hank Aaron, 1954-1974
90.1%
12504Craig Biggio, 1988-2007
86.7%
11625George Brett, 1973-1993
86.6%
12015Willie Mays, 1951-1972
85.2%
12344Pete Rose, 1963-1986
84.2%
10614Chipper Jones, 1993-2012
83.7%
12717Stan Musial, 1941-1963
83.7%
13992Carl Yastrzemski, 1961-1983
80.5%
12249Robin Yount, 1974-1993
80.1%
10232Tony Gwynn, 1982-2001
80.1%
PAs Player, Years on Team % Correct
10394Ernie Banks, 1953-1971
79.8%
11782Brooks Robinson, 1955-1977
77.9%
10062Mike Schmidt, 1972-1989
77.8%
10211Roberto Clemente, 1955-1972
74.2%
12115Ty Cobb, 1905-1926
72.5%
11596Al Kaline, 1953-1974
65%
11348Mel Ott, 1926-1947
53.2%
10220Honus Wagner, 1900-1917
48.5%
10240Dwight Evans, 1972-1990
32.8%
10123Cap Anson, 1876-1897
27.7%
10244Charlie Gehringer, 1924-1942
27.1%
10254Luke Appling, 1930-1950
26%

You're not logged in!

Compare scores with friends on all Sporcle quizzes.
OR
Log In

You Might Also Like...

Show Comments

Extras

Top Quizzes Today


Score Distribution

Your Account Isn't Verified!

In order to create a playlist on Sporcle, you need to verify the email address you used during registration. Go to your Sporcle Settings to finish the process.

Report this User

Report this user for behavior that violates our Community Guidelines.

Details: